Statistiques concernant Paroles - La Boulette - Diam's

Cliquez ici pour prendre le quiz!

Statistiques générales

  • Ce quiz a été pris 751 fois
  • Le résultat moyen est 362 sur 461

Statistiques - réponses

Paroles% Correct
a
99%
à
99%
le
98%
ce
97%
c'est
97%
de
97%
pas
97%
Je
96%
je
96%
la
96%
Ouais,
96%
ouais,
96%
ouais
96%
qui
96%
déconne
95%
les
95%
m'a
95%
ma
95%
Me
95%
boulette,
94%
boulette
94%
boulette-boulette
94%
codes
94%
dicté
94%
l'école
94%
on
94%
On
94%
Alors
92%
un
90%
comme
89%
Comme
89%
mes
89%
dans
88%
Nan
88%
nan,
88%
Nan,
88%
nan
88%
rap
88%
rap,
88%
Y
88%
goût
87%
briquets,
85%
briquets
85%
dit
84%
que
84%
Sortez
84%
voilà
84%
ça
81%
fait
80%
nos
80%
j'me
79%
raconte,
79%
quand
78%
ville,
78%
ville
78%
des
75%
gêne
75%
deux-mille
74%
il
74%
jeunes
74%
te
74%
l'an
73%
chez
72%
demande
72%
marche
72%
vie
72%
vie,
72%
et
70%
Et
70%
qu't'aimais
70%
j'ai
68%
J'ai
68%
J'suis
68%
j'suis
68%
nous
66%
parle
66%
trop
66%
haine
65%
si
65%
casser
64%
qu'une
64%
moi
63%
Marine
62%
pousse
62%
parce
61%
Sarko
61%
en
60%
j'emmerde
59%
juste
59%
Génération
58%
se
58%
bouche
57%
vitrines
57%
sur
56%
têtes.
56%
zizir
56%
couilles
54%
ondes
54%
artiste
53%
dark
52%
foule
52%
police
52%
suicide
52%
mi-michto
51%
d'aigreur
49%
taux
49%
Bertrand
48%
mômes
48%
qu'on
48%
vois
48%
d'attentat
47%
respire
47%
démé-démago
46%
dev'nir
46%
j'aime
46%
l'oxygène
45%
d'Al
44%
locaux
44%
soeurs
44%
coeur
43%
beuh
42%
étonne
42%
mairie
42%
petite
42%
peur
41%
bac
40%
Cantat
40%
s'débrouille
40%
d'erreur
39%
mercos
39%
près
39%
tout
39%
écoles
38%
l'entracte
38%
rime
37%
soulée
37%
d'alcool
36%
pendant
36%
boum-boum
34%
déroule
34%
l'embrasse
34%
mais
33%
meufs
33%
c'qui
32%
l'embarque,
32%
Capone
31%
Car
31%
secours,
31%
chambres
30%
France
30%
grosse
30%
hardcore (hardcore)
30%
viol
28%
caisses
25%
saute
24%
bad
21%
d'Afrique
21%
fouleck,
21%
fouleck-fouleck
21%
boy,
20%
d'anthrax
18%
l'embrase,
18%
mate
16%
l'enfance
12%
d'église
11%
l'inceste
10%
coupe-coupe
8%
S-D-I-A-M-D-I-D-I-A-M
7%

Distribution des résultats

Percentile par nombre de réponses

% des personnes avec chaque résultat

Votre développement - résultats

Vous n’avez pas pris ce quiz